000 00631nam a2200205 u 4500
005 20240912063838.0
008 111115s2005 es r 000 0 spa d
020 _a8496336468 (10 dígitos)
020 _a9788496336468 (13 dígitos)
035 _aUPN01000182546
049 _aI
050 4 _aPZ75
_bK4.4
100 1 _aKeselman, Gabriela,
_d1953-
_931735
245 1 0 _aMamá llega tarde /
_cGabriela Keselman ; il. Marcelo Elizalde.
260 _aBarcelona, Esp. :
_bPlaneta & Oxford,
_c2005.
300 _a29 p. :
_bil. col.
440 0 _aCamaleón ;
_v8
650 4 _aCuentos infantiles argentinos
_97466
905 _aInfantil
999 _c154649
_d154649